00710nam a2200205Ia 450000100060000000800390000602000180004508200120006324500820007525000120015726000460016930000180021565300200023365300200025365300150027370000380028894200120032695201490033899900170048757794140702n2009 ii |||gr||||Z||||||346 a81-7066-611-2 a615.538 0aChiranjab Bonousodhi :bVol- VI /cShibkali Bhattacharya .hTextual Documents aIst ed. aCalcuttabAnanda Publishers Pvt.Ltdc2009 a324pg:c23cm. aMateria Medicin aMedicinal Plant aG- Bengali aBhattacharya, Shibkali ,eAuthor. 2ddccBK 001040708General aSKBLbSKBLcG- Bengalid2014-07-02f00000g150.00l0o615.538 Bh 469 Cip2997/Bengr2024-01-14 00:00:00t1w2014-07-02yBK c57698d57698